Ciclos económicos, expectativas e inflación en el Brasil (Registro nro. 34758)

Detalles MARC
000 -LEADER
fixed length control field 00428 a2200133 4500
001 - CONTROL NUMBER
control field ART_46679
005 - DATE AND TIME OF LATEST TRANSACTION
control field 20260410162039.0
008 - FIXED-LENGTH DATA ELEMENTS--GENERAL INFORMATION
fixed length control field 260409a
100 1# - MAIN ENTRY--PERSONAL NAME
Personal name Ferreira Arruda, Elano
245 10 - TITLE STATEMENT
Title Ciclos económicos, expectativas e inflación en el Brasil
700 1# - ADDED ENTRY--PERSONAL NAME
Personal name Oliveira de Olivindo, María Thalita Arruda
700 1# - ADDED ENTRY--PERSONAL NAME
Personal name Castelar, Iván
773 0# - HOST ITEM ENTRY
Title Revista Cepal
Related parts - Nº 124 (abr. 2018)
Record control number REV45125

No hay ítems disponibles.